My nursery rhymes collection / (Record no. 1226)
[ view plain ]
| 000 -LEADER | |
|---|---|
| fixed length control field | 01081nam a22002417a 4500 |
| 005 - DATE AND TIME OF LATEST TRANSACTION | |
| control field | 20230808152503.0 |
| 020 ## - INTERNATIONAL STANDARD BOOK NUMBER | |
| International Standard Book Number | 9781741829365 |
| 040 ## - CATALOGING SOURCE | |
| Original cataloging agency | FISKH |
| Language of cataloging | eng |
| Transcribing agency | FISKH |
| Modifying agency | FISKH |
| 050 ## - LIBRARY OF CONGRESS CALL NUMBER | |
| Classification number | PZ8.3 |
| 082 ## - DEWEY DECIMAL CLASSIFICATION NUMBER | |
| Classification number | 398.8 |
| 100 ## - MAIN ENTRY--PERSONAL NAME | |
| Personal name | Comer, Karen |
| 245 ## - TITLE STATEMENT | |
| Title | My nursery rhymes collection / |
| Remainder of title | a timeless keepsake for you to tresure |
| 260 ## - PUBLICATION, DISTRIBUTION, ETC. | |
| Place of publication, distribution, etc. | Victoria : |
| Name of publisher, distributor, etc. | Hinkler Books, |
| Date of publication, distribution, etc. | 2006. |
| 300 ## - PHYSICAL DESCRIPTION | |
| Extent | 184 pages : |
| Dimensions | 29 cm. |
| 505 ## - FORMATTED CONTENTS NOTE | |
| Formatted contents note | H |
| 520 ## - SUMMARY, ETC. | |
| Summary, etc. | "Parents and children alike will find hours of enjoyment in this comprehensive collection of over 170 nursery rhymes. The Nursery Rhymes Collection is divided into 12 themes, such as farm animals, numbers, and action rhymes -- creating shorter sections to suit the attention of young readers. Settle back together and enjoy all the merry old souls! Stunningly presented in padded hardback with gilt edging and a place-holder ribbon." -Library Thing |
| 521 ## - TARGET AUDIENCE NOTE | |
| Target audience note | 500 <br/> |
| Source | Lexile estimate |
| 521 ## - TARGET AUDIENCE NOTE | |
| Target audience note | H <br/> |
| Source | Raz-Plus |
| 655 ## - INDEX TERM--GENRE/FORM | |
| Genre/form data or focus term | nursery rhymes |
| 942 ## - ADDED ENTRY ELEMENTS (KOHA) | |
| Source of classification or shelving scheme | Dewey Decimal Classification |
| Koha item type | Books |
| Suppress in OPAC | No |
| 999 ## - | |
| -- | 1226 |
| -- | 1226 |
| Withdrawn status | Lost status | Source of classification or shelving scheme | Damaged status | Not for loan | Collection | Home library | Current library | Shelving location | Date acquired | Total Checkouts | Full call number | Barcode | Date last seen | Date last checked out | Price effective from | Koha item type |
|---|---|---|---|---|---|---|---|---|---|---|---|---|---|---|---|---|
| Dewey Decimal Classification | Juvenile Fiction | Footprints International School Library Network Toul Kork Campus | Footprints International School Library Network Toul Kork Campus | TK Primary Library Room(4th Floor), Bookcase 1&2, Shelves 1-16, Dark Blue Books | 08/08/2023 | 1 | COM 398.8 PZ8.3 | 2023-0211 | 10/23/2023 | 08/09/2023 | 08/08/2023 | Books |
